[Event "Ste-Foy 2 2023-24"]
[Site "Ste-Foy CAN"]
[Date "2023.10.23"]
[Round "1"]
[White "Verge, Leo"]
[Black "Laurendeau, Alfred"]
[Result "0-1"]
[WhiteElo "1417"]
[BlackElo "1530"]
[PlyCount "98"]
[EventDate "2023.10.23"]
[EventType "tourn"]
[EventRounds "5"]
[EventCountry "CAN"]
[TimeControl "5400+30"]

1. e4 d5 2. exd5 Qxd5 3. Nc3 Qd8 4. Nf3 Bg4 5. h3 Bxf3 6. Qxf3 c6 7. Bc4 Nf6 8.
g4 e6 9. d3 Nbd7 10. a3 Bd6 11. Be3 Ne5 12. Qg2 Nxc4 13. dxc4 Qc7 14. O-O O-O-O
15. Ne2 Nd7 16. b4 c5 17. a4 cxb4 18. Bxa7 Bc5 19. Bxc5 Qxc5 20. c3 Qxc4 21.
cxb4 Qxe2 22. Rfc1+ Kb8 23. b5 Rc8 24. a5 Rxc1+ 25. Rxc1 Qxb5 26. Qg3+ e5 27.
Qc3 Qa4 28. Qc7+ Ka7 29. Rb1 Qc6 30. Qxc6 bxc6 31. Rd1 Nf6 32. Rd6 Rc8 33. f3
Nd5 34. Rd7+ Rc7 35. Rd8 f6 36. Kf2 Nf4 37. h4 c5 38. Ke3 c4 39. Kd2 c3+ 40.
Kc2 Ne6 41. Rd3 Nd4+ 42. Kc1 c2 43. Rd2 Nb3+ 44. Kb2 c1=Q+ 45. Ka2 Qxd2+ 46.
Ka3 Qxa5+ 47. Kxb3 Qb5+ 48. Ka3 Rc6 49. g5 Ra6# 0-1

[Event "Ste-Foy 2 2023-24"]
[Site "Ste-Foy CAN"]
[Date "2023.10.30"]
[Round "2"]
[White "Caire, Francois"]
[Black "Berube, Antoine"]
[Result "1-0"]
[WhiteElo "2220"]
[BlackElo "2236"]
[PlyCount "79"]
[EventDate "2023.10.23"]
[EventType "tourn"]
[EventRounds "5"]
[EventCountry "CAN"]
[TimeControl "5400+30"]

1. d4 d5 2. Nf3 Nf6 3. c4 c6 4. Nc3 e6 5. e3 Nbd7 6. Be2 Bd6 7. b3 O-O 8. O-O
b6 9. Bb2 Bb7 10. Bd3 Qe7 11. e4 dxe4 12. Nxe4 Nxe4 13. Bxe4 Nf6 14. Bc2 Ba3
15. Bxa3 Qxa3 16. Qe2 Rad8 17. Rad1 Rd6 18. Qe3 Rfd8 19. Ne5 Qxa2 20. Qc3 c5
21. Ra1 cxd4 22. Qd2 Qxa1 23. Rxa1 d3 24. Bd1 Ne4 25. Qf4 f6 26. Ng4 e5 27. Qc1
d2 28. Qc2 a5 29. Ne3 Nc5 30. Be2 g6 31. Rd1 Kf7 32. Nd5 Kg7 33. Rxd2 Bxd5 34.
Rxd5 Rxd5 35. cxd5 Rxd5 36. g3 Rd4 37. h4 h5 38. Bc4 Ne4 39. Bd3 f5 40. Qc7+
1-0

[Event "Ste-Foy 2 2023-24"]
[Site "Ste-Foy CAN"]
[Date "2023.10.30"]
[Round "2"]
[White "Dionne, Frederick"]
[Black "Bergeron, Nicolas"]
[Result "0-1"]
[WhiteElo "1298"]
[BlackElo "1364"]
[PlyCount "98"]
[EventDate "2023.10.23"]
[EventType "tourn"]
[EventRounds "5"]
[EventCountry "CAN"]

1. e4 e5 2. Nc3 Nf6 3. f4 d5 4. fxe5 Nxe4 5. Nf3 Bc5 6. d4 Bb4 7. Qd3 Bxc3+ 8.
bxc3 O-O 9. Be2 Bf5 10. Qe3 f6 11. O-O Nc6 12. c4 fxe5 13. cxd5 Nb4 14. d6 Nxc2
15. Qb3+ Kh8 16. Qxc2 Ng3 17. Qxc7 Nxe2+ 18. Kh1 Nxd4 19. Bg5 Qxc7 20. dxc7 Ne6
21. Be7 Rf7 22. Rac1 Rc8 23. Nxe5 Rxe7 24. Rxf5 Rexc7 25. Rcf1 Kg8 26. h3 Rc1
27. a4 Rxf1+ 28. Rxf1 Rc5 29. Re1 Ra5 30. Nc6 bxc6 31. Rxe6 c5 32. Re5 Kf7 33.
g4 Kf6 34. Rf5+ Ke6 35. Kg2 g6 36. Rf4 Kd5 37. Rf8 Rxa4 38. Rd8+ Kc6 39. Rh8
Ra6 40. Kf2 Kd5 41. Rd8+ Rd6 42. Ra8 Rd7 43. Ke2 Kc4 44. Rb8 Kc3 45. Rb1 c4 46.
Rc1+ Kb3 47. Rd1 Rxd1 48. Kxd1 Kb2 49. Kd2 c3+ 0-1

[Event "Ste-Foy 2 2023-24"]
[Site "Ste-Foy CAN"]
[Date "2023.10.30"]
[Round "2"]
[White "Laurendeau, Alfred"]
[Black "Marois, Remi"]
[Result "0-1"]
[WhiteElo "1530"]
[BlackElo "1518"]
[PlyCount "50"]
[EventDate "2023.10.23"]
[EventType "tourn"]
[EventRounds "5"]
[EventCountry "CAN"]
[TimeControl "5400+30"]

1. d4 Nf6 2. c4 e6 3. Nf3 d5 4. Nc3 Bb4 5. Bg5 O-O 6. e3 b6 7. Nd2 Bxc3 8. bxc3
Ba6 9. Qa4 Qd7 10. Qxd7 Nbxd7 11. Bxf6 Nxf6 12. cxd5 Bxf1 13. Kxf1 exd5 14. g3
c5 15. Kg2 Rab8 16. a4 c4 17. f3 a6 18. Rhb1 Rfe8 19. Kf2 Re7 20. Re1 b5 21.
axb5 axb5 22. Reb1 Reb7 23. Rb4 Ne8 24. Rab1 Nc7 25. R1b2 Na6 0-1

[Event "Ste-Foy 2 2023-24"]
[Site "Ste-Foy CAN"]
[Date "2023.10.30"]
[Round "2"]
[White "Potvin, Alain-Nicolas"]
[Black "Drolet, Stephane"]
[Result "0-1"]
[WhiteElo "1711"]
[BlackElo "2048"]
[PlyCount "42"]
[EventDate "2023.10.23"]
[EventType "tourn"]
[EventRounds "5"]
[EventCountry "CAN"]
[TimeControl "5400+30"]

1. d4 f5 2. g4 d5 3. g5 c5 4. Nf3 cxd4 5. Qxd4 Nc6 6. Qh4 e5 7. Bg2 e4 8. Nfd2
Bd6 9. c3 Nge7 10. Nb3 Ng6 11. Qh5 Be6 12. Bh3 Qd7 13. Be3 Bf7 14. Bc5 Be5 15.
N1d2 h6 16. Bf1 Nf4 17. Qh4 Ne6 18. O-O-O b6 19. Ba3 O-O-O 20. Nc4 Bf4+ 21. e3
hxg5 0-1

[Event "Ste-Foy 2 2023-24"]
[Site "Ste-Foy CAN"]
[Date "2023.10.30"]
[Round "2"]
[White "Roy, Justin"]
[Black "Vaillant, Charles-Etienne"]
[Result "0-1"]
[WhiteElo "1562"]
[BlackElo "1768"]
[PlyCount "122"]
[EventDate "2023.10.23"]
[EventType "tourn"]
[EventRounds "5"]
[EventCountry "CAN"]
[TimeControl "5400+30"]

1. e4 c5 2. Nf3 e6 3. Nc3 Nc6 4. d4 cxd4 5. Nxd4 Qc7 6. Ndb5 Qb8 7. g3 a6 8.
Nd4 Qc7 9. Bf4 e5 10. Nxc6 dxc6 11. Be3 Nf6 12. Bg2 Bg4 13. Bf3 Rd8 14. Bd2 Bh3
15. a3 Bc5 16. Qe2 O-O 17. O-O-O b5 18. g4 Qe7 19. Nb1 b4 20. Bxb4 Bxb4 21.
axb4 Qxb4 22. Rhg1 Rxd1+ 23. Rxd1 Rb8 24. c3 Qb5 25. Qxb5 axb5 26. Rg1 b4 27.
Kc2 Kf8 28. Nd2 h5 29. gxh5 Be6 30. c4 Rd8 31. b3 Nd7 32. Bg4 Nc5 33. Bxe6 Nxe6
34. Nf3 f6 35. h6 gxh6 36. Rg6 Kf7 37. Rxh6 Nf4 38. Ne1 Kg7 39. Rh4 Rg8 40. Kb2
Rd8 41. Rg4+ Kh6 42. Rg3 Rd2+ 43. Kb1 Rxf2 44. h3 Re2 45. Nc2 c5 46. Ne3 Nh5
47. Nf5+ Kh7 48. Re3 Rxe3 49. Nxe3 Ng3 50. Ng4 Nxe4 51. Kc2 Kg6 52. Kd3 Ng5 53.
Nf2 f5 54. Ke3 Ne6 55. Nd3 e4 56. Nf2 Kg5 57. Nxe4+ fxe4 58. Kxe4 Nd4 59. Kd3
Nxb3 60. Kc2 Nd4+ 61. Kb2 Kh4 0-1

[Event "Ste-Foy 2 2023-24"]
[Site "Ste-Foy CAN"]
[Date "2023.11.06"]
[Round "3"]
[White "Drolet, Stephane"]
[Black "Caire, Francois"]
[Result "1-0"]
[WhiteElo "2048"]
[BlackElo "2220"]
[PlyCount "21"]
[EventDate "2023.10.23"]
[EventType "tourn"]
[EventRounds "5"]
[EventCountry "CAN"]

1. d4 Nf6 2. c4 e6 3. Nf3 b6 4. a3 Bb7 5. Nc3 d5 6. cxd5 Nxd5 7. Qa4+ Nd7 8.
Nxd5 Bxd5 9. Ne5 c5 10. e4 Bb7 11. Nxd7 1-0

[Event "Ste-Foy 2 2023-24"]
[Site "Ste-Foy CAN"]
[Date "2023.11.06"]
[Round "3"]
[White "Potvin, Alain-Nicolas"]
[Black "Roy, Justin"]
[Result "0-1"]
[WhiteElo "1711"]
[BlackElo "1562"]
[Annotator "Alain-Nicolas Potvin"]
[PlyCount "62"]
[EventDate "2023.10.23"]
[EventType "tourn"]
[EventRounds "5"]
[EventCountry "CAN"]

1. d4 e6 2. Nf3 f5 3. e3 Nf6 4. b3 Nc6 5. Bb2 a6 6. c4 Ne4 7. Nbd2 d5 8. Bd3 g5
9. Ne5 Nxe5 10. dxe5 g4 11. cxd5 Nxd2 12. Qxd2 Qxd5 13. O-O Bd7 14. Qc2 O-O-O
15. Rac1 Bc6 16. e4 Qxd3 17. Qxd3 Rxd3 18. exf5 exf5 19. e6 Rg8 20. Bf6 Bg7 21.
Bh4 Re8 22. e7 Bc3 23. Rfd1 Rxd1+ 24. Rxd1 Bd7 25. Rd3 Bb4 26. Re3 Bc6 27. Re5
Be4 28. f3 Bd6 29. fxe4 Bxe5 30. exf5 Kd7 31. f6 Ke6 0-1

[Event "Ste-Foy 2 2023-24"]
[Site "Ste-Foy CAN"]
[Date "2023.11.06"]
[Round "3"]
[White "Vaillant, Charles-Etienne"]
[Black "Berube, Antoine"]
[Result "0-1"]
[WhiteElo "1768"]
[BlackElo "2236"]
[PlyCount "66"]
[EventDate "2023.10.23"]
[EventType "tourn"]
[EventRounds "5"]
[EventCountry "CAN"]

1. c4 c6 2. d4 d5 3. Nf3 Nf6 4. Nc3 e6 5. e3 Nbd7 6. Bd3 dxc4 7. Bxc4 b5 8. Be2
Bb7 9. O-O Be7 10. e4 b4 11. e5 bxc3 12. exf6 Bxf6 13. bxc3 c5 14. Ba3 Qa5 15.
Qc1 O-O 16. dxc5 Rfc8 17. Rb1 Ba6 18. Bb4 Qxa2 19. Rb2 Qa4 20. Bxa6 Qxa6 21.
Qe3 Qc6 22. Nd4 Qd5 23. Rd2 a5 24. Ba3 Ne5 25. Nf3 Nc4 26. Rxd5 Nxe3 27. fxe3
exd5 28. Nd4 Be7 29. Nf5 Bxc5 30. Bxc5 Rxc5 31. Nd6 Rxc3 32. e4 dxe4 33. Nxe4
Rc6 0-1

[Event "Ste-Foy 2 2023-24"]
[Site "Ste-Foy CAN"]
[Date "2023.11.13"]
[Round "4"]
[White "Bergeron, Nicolas"]
[Black "Poitras, Marc"]
[Result "1-0"]
[WhiteElo "1446"]
[BlackElo "1375"]
[Annotator "Nicolas Bergeron"]
[PlyCount "103"]
[EventDate "2023.10.23"]
[EventType "tourn"]
[EventRounds "5"]
[EventCountry "CAN"]

1. d4 d6 2. c4 Nf6 3. Nc3 g6 4. e4 Bg7 5. Nf3 O-O 6. Be2 Re8 7. O-O e5 8. dxe5
Ng4 9. Bg5 f6 10. exf6 Bxf6 11. Bxf6 Qxf6 12. Nd5 Qg7 13. Nd2 Nf6 14. Qc2 c6
15. Nc3 Nbd7 16. Rad1 Nc5 17. b4 Na6 18. a3 Nc7 19. Nb3 Nxe4 20. Nxe4 Bf5 21.
Bd3 d5 22. Ng3 dxc4 23. Bxc4+ Be6 24. Nc5 b5 25. Bxe6+ Nxe6 26. Rd7 Qe5 27.
Rfd1 Nf4 28. Qb3+ Kh8 29. h3 Nd5 30. Qf3 Rf8 31. Qe4 Qb2 32. Qd4+ Qxd4 33. Rxd4
a5 34. Ne6 Rfe8 35. Rd6 axb4 36. axb4 Ra1+ 37. Kh2 Rc8 38. Nf4 Nc3 39. Rd8+
Rxd8 40. Rxd8+ Kg7 41. Rc8 Ra6 42. Rc7+ Kh6 43. Ne6 Nd5 44. Rd7 Nxb4 45. Rd4 g5
46. Rxb4 Kg6 47. Ne4 h6 48. Nd4 h5 49. Nc5 Rb6 50. Rb3 Kf6 51. Re3 b4 52. Nd7+
1-0

[Event "Ste-Foy 2 2023-24"]
[Site "Ste-Foy CAN"]
[Date "2023.11.13"]
[Round "4"]
[White "Berube, Antoine"]
[Black "Drolet, Stephane"]
[Result "1-0"]
[WhiteElo "2236"]
[BlackElo "2048"]
[PlyCount "129"]
[EventDate "2023.10.23"]
[EventType "tourn"]
[EventRounds "5"]
[EventCountry "CAN"]
[TimeControl "5400+30"]

1. c4 e6 2. g3 d5 3. Bg2 Nf6 4. Nf3 Nbd7 5. b3 c5 6. O-O b6 7. cxd5 exd5 8. d4
Be7 9. Nc3 Bb7 10. Bb2 O-O 11. e3 Re8 12. Qe2 Bf8 13. Rfd1 h6 14. Rac1 Qe7 15.
Na4 Qe6 16. Ba3 Bc6 17. Nc3 g6 18. dxc5 bxc5 19. Qa6 Nb6 20. Qa5 Nfd7 21. Ne2
Qf6 22. Ne1 Rec8 23. Nd3 c4 24. Nb4 Bxb4 25. Bxb4 Ne5 26. Bc3 Qe7 27. Nf4 d4
28. exd4 Bxg2 29. Qxe5 Qxe5 30. dxe5 Bf3 31. Re1 cxb3 32. axb3 Nd5 33. Bd2 Nxf4
34. Bxf4 Bd5 35. b4 Be6 36. Bxh6 Rxc1 37. Rxc1 a5 38. b5 Rb8 39. Rb1 a4 40. Be3
a3 41. b6 a2 42. Ra1 Rd8 43. Kg2 Bd5+ 44. Kh3 Rd7 45. g4 Be6 46. Kg3 Kf8 47.
Bc5+ Ke8 48. Bd6 Kd8 49. Kf4 Kc8 50. h4 Kb7 51. h5 gxh5 52. gxh5 Rd8 53. Be7
Rh8 54. Kg5 Kxb6 55. f4 Rg8+ 56. Kf6 Rh8 57. f5 Bd5 58. Kg5 Rg8+ 59. Kh4 Rh8
60. Bf6 Rh7 61. Kg5 Kc6 62. h6 Bb3 63. Bg7 Kd7 64. Kf6 Bc4 65. e6+ 1-0

[Event "Ste-Foy 2 2023-24"]
[Site "Ste-Foy CAN"]
[Date "2023.11.13"]
[Round "4"]
[White "Blais, Pierre-Luc"]
[Black "Couture, Francois"]
[Result "1-0"]
[WhiteElo "1285"]
[BlackElo "1259"]
[PlyCount "89"]
[EventDate "2023.10.23"]
[EventType "tourn"]
[EventRounds "5"]
[EventCountry "CAN"]
[TimeControl "5400+30"]

1. d4 Nf6 2. c4 e6 3. Nf3 c5 4. d5 exd5 5. cxd5 d6 6. Nc3 g6 7. h3 Bg7 8. Bf4
O-O 9. e4 Nfd7 10. Qc2 Qf6 11. Bg5 Qxf3 12. gxf3 Ne5 13. Be2 a6 14. Be7 Re8 15.
Bxd6 b6 16. Qb3 Ned7 17. Na4 Ra7 18. Bxb8 Nxb8 19. Nxc5 b5 20. Rd1 Rc7 21. Nd3
Nd7 22. h4 Nf6 23. Rc1 Rd7 24. Nb4 Nh5 25. Rc6 Bb7 26. Rb6 Bd4 27. Rxa6 Bxa6
28. Nxa6 Rb7 29. Nb4 Rc8 30. Nc6 Bc5 31. Bxb5 Nf6 32. Qc4 Ra8 33. a4 Bf8 34.
O-O Nd7 35. f4 Re8 36. a5 Kh8 37. a6 Rc7 38. a7 Bc5 39. Ra1 Ra8 40. d6 Bxd6 41.
Qxf7 Bf8 42. Nd8 Bg7 43. Bxd7 h5 44. Ne6 Bxb2 45. Nxc7 1-0

[Event "Ste-Foy 2 2023-24"]
[Site "Ste-Foy CAN"]
[Date "2023.11.13"]
[Round "4"]
[White "Dionne, Frederick"]
[Black "Bourassa, Louis"]
[Result "1/2-1/2"]
[WhiteElo "1298"]
[BlackElo "1313"]
[PlyCount "122"]
[EventDate "2023.10.23"]
[EventType "tourn"]
[EventRounds "5"]
[EventCountry "CAN"]
[TimeControl "5400+30"]

1. e4 c6 2. c3 d5 3. exd5 cxd5 4. Bb5+ Bd7 5. Qb3 Nf6 6. Nf3 Qb6 7. Nd4 a6 8.
Bxd7+ Nbxd7 9. O-O e6 10. Qxb6 Nxb6 11. b4 Bd6 12. d3 O-O 13. h3 Rfc8 14. a4 e5
15. Nf5 Bf8 16. Bg5 Nbd7 17. Re1 e4 18. d4 h6 19. Bh4 g6 20. Ne3 Bd6 21. a5 g5
22. Nf5 Bf8 23. Bg3 Rc6 24. Be5 Nxe5 25. dxe5 Nd7 26. Rd1 Nxe5 27. Rxd5 Re8 28.
Rd4 Rc4 29. Nd2 Rxd4 30. Nxd4 Nd3 31. Nf5 Bg7 32. Nxg7 Kxg7 33. Rd1 f5 34. Nb3
Rc8 35. Nc5 Nxc5 36. bxc5 Rxc5 37. Rd7+ Kg6 38. Rxb7 Rc6 39. Rb6 Rf6 40. c4 Kf7
41. c5 Ke7 42. c6 Rf8 43. Rb7+ Kd6 44. c7 Kd7 45. Rb8 Rc8 46. Rb6 Rxc7 47. Rxh6
Rc6 48. Rh7+ Ke6 49. Rh6+ Kd5 50. Rh5 Rg6 51. Rh8 Kc5 52. Re8 Kb5 53. Re5+ Kc4
54. Rxf5 Kd4 55. Kf1 Kd3 56. Rd5+ Kc4 57. Rf5 Kd3 58. Rd5+ Kc4 59. Re5 Kd3 60.
Rd5+ Kc4 61. Rf5 Kd3 1/2-1/2

[Event "Ste-Foy 2 2023-24"]
[Site "Ste-Foy CAN"]
[Date "2023.11.13"]
[Round "4"]
[White "Gauthier, Vincent"]
[Black "Bergeron, Cedric"]
[Result "1-0"]
[WhiteElo "1118"]
[BlackElo "1093"]
[PlyCount "97"]
[EventDate "2023.10.23"]
[EventType "tourn"]
[EventRounds "5"]
[EventCountry "CAN"]
[TimeControl "5400+30"]

1. e4 e5 2. Nf3 Nc6 3. Bc4 Bc5 4. Nc3 Nf6 5. d3 h6 6. Be3 Nd4 7. Na4 Nxf3+ 8.
Qxf3 Bxe3 9. fxe3 d6 10. h3 b6 11. Nc3 Bb7 12. Nd5 Nxd5 13. exd5 O-O 14. O-O f5
15. Qh5 f4 16. exf4 exf4 17. Rf2 Qg5 18. Qxg5 hxg5 19. Re1 Rf7 20. Rfe2 Kh7 21.
Re7 Rxe7 22. Rxe7 Rc8 23. Kf2 b5 24. Bb3 Kg6 25. Kf3 Kf6 26. Re2 c6 27. Re6+
Kf5 28. Rxd6 cxd5 29. d4 Re8 30. c3 Re3+ 31. Kf2 g4 32. Bc2+ Kg5 33. Rg6+ Kh5
34. Rxg4 g5 35. g3 Bc8 36. gxf4 Rxh3 37. Rxg5+ Kh4 38. Bf5 Rh2+ 39. Kf3 Bxf5
40. Rxf5 Rxb2 41. Rxd5 Rxa2 42. Rxb5 Ra3 43. Rc5 a5 44. d5 Rb3 45. d6 a4 46. d7
Rb8 47. Rc8 Rxc8 48. dxc8=Q a3 49. Qh8# 1-0

[Event "Ste-Foy 2 2023-24"]
[Site "Ste-Foy CAN"]
[Date "2023.11.13"]
[Round "4"]
[White "Laurendeau, Alfred"]
[Black "Fleury, Dominic"]
[Result "1-0"]
[WhiteElo "1530"]
[BlackElo "1675"]
[PlyCount "61"]
[EventDate "2023.10.23"]
[EventType "tourn"]
[EventRounds "5"]
[EventCountry "CAN"]
[TimeControl "5400+30"]

1. d4 d5 2. c4 e6 3. Nc3 Nf6 4. Bg5 Be7 5. cxd5 Nxd5 6. Bxe7 Qxe7 7. Nf3 b6 8.
e3 Bb7 9. Rc1 O-O 10. Be2 Nd7 11. O-O c5 12. a3 e5 13. Nxd5 Bxd5 14. dxe5 Bc6
15. Qd6 Qe6 16. Qxe6 fxe6 17. Bc4 Kf7 18. Ng5+ Kg6 19. Nxe6 Nxe5 20. Nxf8+ Rxf8
21. Be2 h5 22. Rcd1 Bb7 23. f4 Ng4 24. Bxg4 hxg4 25. Rd6+ Kf5 26. Rd7 Ba6 27.
Rfd1 Re8 28. Kf2 Re4 29. R1d5+ Kg6 30. Rg5+ Kf6 31. Rgxg7 1-0

[Event "Ste-Foy 2 2023-24"]
[Site "Ste-Foy CAN"]
[Date "2023.11.13"]
[Round "4"]
[White "Marois, Remi"]
[Black "Warren, Alexandre"]
[Result "1-0"]
[WhiteElo "1518"]
[BlackElo "1482"]
[PlyCount "77"]
[EventDate "2023.10.23"]
[EventType "tourn"]
[EventRounds "5"]
[EventCountry "CAN"]
[TimeControl "5400+30"]

1. e4 c6 2. Nc3 d5 3. Nf3 dxe4 4. Nxe4 Nf6 5. Nxf6+ exf6 6. d4 Bd6 7. Bc4 O-O
8. O-O Re8 9. Qd3 Bg4 10. Qb3 Qc7 11. h3 Bh5 12. Nh4 Bg6 13. Nxg6 hxg6 14. Bd2
b5 15. Bd3 Kh7 16. a4 bxa4 17. Qxa4 Nd7 18. Rfe1 Rxe1+ 19. Rxe1 c5 20. Ba5 Bh2+
21. Kf1 Qd6 22. d5 Be5 23. Qc6 Rb8 24. Qxd6 Bxd6 25. b3 Ne5 26. Re3 Nxd3 27.
Rxd3 Rb5 28. Bd2 c4 29. bxc4 Rc5 30. Bb4 Rxc4 31. Bxd6 Rxc2 32. Be7 Rc7 33. d6
Rd7 34. Rc3 g5 35. Rc7 Rxd6 36. Bxd6 Kg6 37. Rxa7 f5 38. Be7 Kh6 39. Bxg5+ 1-0

[Event "Ste-Foy 2 2023-24"]
[Site "Ste-Foy CAN"]
[Date "2023.11.13"]
[Round "4"]
[White "Naderi, Pooya"]
[Black "Verge, Leo"]
[Result "0-1"]
[WhiteElo "1416"]
[BlackElo "1417"]
[PlyCount "120"]
[EventDate "2023.10.23"]
[EventType "tourn"]
[EventRounds "5"]
[EventCountry "CAN"]
[TimeControl "5400+30"]

1. d4 Nf6 2. e3 d5 3. Nf3 Bf5 4. c4 e6 5. Nc3 Be7 6. h3 c6 7. g4 Bg6 8. cxd5
exd5 9. Ne5 Ne4 10. Nxg6 Nxc3 11. bxc3 hxg6 12. Bd2 Nd7 13. c4 Nf6 14. Bd3 dxc4
15. Bxc4 Ne4 16. Bxf7+ Kxf7 17. Qf3+ Nf6 18. g5 Qd5 19. Ke2 Qxf3+ 20. Kxf3 Nd7
21. h4 Rhf8 22. Ke2 Ke6 23. f4 Nb6 24. Rab1 Rab8 25. Bb4 Bxb4 26. Rxb4 Nd5 27.
Rc4 Rbe8 28. Kf3 Kd7 29. Re1 Rf7 30. Ra4 a6 31. Kf2 Rfe7 32. Ra3 Nxf4 33. Kf3
Rf8 34. Kg4 Nd5 35. Kg3 Re4 36. Rb1 Kc7 37. Rab3 b5 38. a4 Rxe3+ 39. Rxe3 Nxe3
40. axb5 axb5 41. Rb4 Nd5 42. Rb3 Rf4 43. Ra3 Kb7 44. Rd3 b4 45. Kh3 Kb6 46.
Rd1 Kb5 47. Re1 Rf7 48. Kg4 b3 49. h5 Rf4+ 50. Kg3 gxh5 51. g6 Rxd4 52. Rb1 Kb4
53. Rxb3+ Kxb3 54. Kf2 c5 55. Ke2 h4 56. Kf2 c4 57. Kg2 c3 58. Kh3 c2 59. Kh2
c1=Q 60. Kh3 Qc3+ 0-1

[Event "Ste-Foy 2 2023-24"]
[Site "Ste-Foy CAN"]
[Date "2023.11.13"]
[Round "4"]
[White "Potvin, Sarah-Julie"]
[Black "Barrera, Eduardo"]
[Result "0-1"]
[WhiteElo "1021"]
[BlackElo "1133"]
[PlyCount "64"]
[EventDate "2023.10.23"]
[EventType "tourn"]
[EventRounds "5"]
[EventCountry "CAN"]
[TimeControl "5400+30"]

1. d4 Nf6 2. e3 d5 3. Bd3 Bg4 4. f3 Bd7 5. Bd2 c5 6. Ne2 c4 7. Bxc4 dxc4 8. c3
e6 9. O-O Be7 10. e4 O-O 11. Be3 Nc6 12. Qd2 a6 13. a3 b5 14. b4 cxb3 15. Qb2
Na5 16. Nd2 Nc4 17. Qc1 Nxe3 18. Re1 Nc4 19. Nf1 b2 20. Qc2 bxa1=Q 21. Rxa1
Nxa3 22. Nf4 Nxc2 23. Rc1 Na3 24. d5 exd5 25. exd5 Bf5 26. h3 Nxd5 27. g3 Nxf4
28. gxf4 Bxh3 29. Ne3 Qd2 30. Rf1 Qxe3+ 31. Kh2 Bxf1 32. Kg3 Qg1# 0-1

[Event "Ste-Foy 2 2023-24"]
[Site "Ste-Foy CAN"]
[Date "2023.11.13"]
[Round "4"]
[White "Renzo, Alain"]
[Black "Fillion, Jean-Yves"]
[Result "0-1"]
[WhiteElo "1316"]
[BlackElo "1328"]
[PlyCount "72"]
[EventDate "2023.10.23"]
[EventType "tourn"]
[EventRounds "5"]
[EventCountry "CAN"]
[TimeControl "5400+30"]

1. c4 c5 2. Nc3 Nf6 3. Nf3 Nc6 4. g3 e5 5. Bg2 Be7 6. e3 O-O 7. b3 d6 8. O-O
Bg4 9. Qc2 Qd7 10. a3 Rab8 11. Bb2 Bh3 12. Nd5 Bxg2 13. Kxg2 b5 14. d3 bxc4 15.
bxc4 Rfc8 16. Bc3 h6 17. Rab1 Qe6 18. Rxb8 Nxb8 19. Nxe7+ Qxe7 20. Rb1 Nc6 21.
Rb5 Nh7 22. Qb1 Rc7 23. Ba5 Nxa5 24. Rxa5 f5 25. Rb5 g5 26. h4 e4 27. Rb8+ Nf8
28. dxe4 fxe4 29. Nd2 gxh4 30. Nxe4 Qe5 31. f4 Qe6 32. gxh4 Rg7+ 33. Ng3 Qxe3
34. Rxf8+ Kxf8 35. Qf5+ Ke7 36. Qg6 Rxg6 0-1

[Event "Ste-Foy 2 2023-24"]
[Site "Ste-Foy CAN"]
[Date "2023.11.13"]
[Round "4"]
[White "Roy, Justin"]
[Black "Caire, Francois"]
[Result "0-1"]
[WhiteElo "1562"]
[BlackElo "2220"]
[PlyCount "68"]
[EventDate "2023.10.23"]
[EventType "tourn"]
[EventRounds "5"]
[EventCountry "CAN"]
[TimeControl "5400+30"]

1. e4 Nf6 2. Nc3 d5 3. exd5 Nxd5 4. Nge2 Bg4 5. f3 Bf5 6. d4 e6 7. Nxd5 Qxd5 8.
Nf4 Qd8 9. c3 Bd6 10. g3 O-O 11. Bd3 Bxd3 12. Qxd3 Nc6 13. Nh3 e5 14. Ng5 g6
15. d5 Be7 16. h4 Bxg5 17. Bxg5 f6 18. Bh6 Rf7 19. O-O-O Rd7 20. f4 exf4 21.
Qc4 Ne5 22. Qxf4 Qe7 23. Rhf1 Rad8 24. Qxf6 Qxf6 25. Rxf6 Ng4 26. Bg5 Nxf6 27.
Bxf6 Re8 28. c4 Re3 29. g4 Re4 30. Rd4 Rxd4 31. Bxd4 c6 32. Bxa7 cxd5 33. cxd5
Rxd5 34. g5 Ra5 0-1

[Event "Ste-Foy 2 2023-24"]
[Site "Ste-Foy CAN"]
[Date "2023.11.13"]
[Round "4"]
[White "Soubeyrand, Maxence"]
[Black "Soucy, Mathieu"]
[Result "1-0"]
[WhiteElo "1155"]
[BlackElo "1175"]
[PlyCount "57"]
[EventDate "2023.10.23"]
[EventType "tourn"]
[EventRounds "5"]
[EventCountry "CAN"]
[TimeControl "5400+30"]

1. d4 Nf6 2. Bf4 g6 3. e3 Bg7 4. Nf3 d6 5. Bd3 O-O 6. O-O Nbd7 7. e4 e5 8. dxe5
dxe5 9. Nxe5 Nxe5 10. Bxe5 Re8 11. Bxf6 Bxf6 12. Nc3 a5 13. Qf3 c6 14. Rad1 Qb6
15. Qxf6 Qxb2 16. Nd5 Qa3 17. Nc7 Bg4 18. f3 Re6 19. Nxe6 Bxe6 20. f4 Bxa2 21.
f5 a4 22. fxg6 hxg6 23. Rf3 Qc5+ 24. Kh1 a3 25. Rh3 Qh5 26. Rxh5 gxh5 27. Qg5+
Kf8 28. Qxh5 Be6 29. Qh8+ 1-0

[Event "Ste-Foy 2 2023-24"]
[Site "Ste-Foy CAN"]
[Date "2023.11.13"]
[Round "4"]
[White "Vaillant, Charles-Etienne"]
[Black "Potvin, Alain-Nicolas"]
[Result "1-0"]
[WhiteElo "1768"]
[BlackElo "1711"]
[Annotator "Alain-Nicolas Potvin"]
[PlyCount "87"]
[EventDate "2023.10.23"]
[EventType "tourn"]
[EventRounds "5"]
[EventCountry "CAN"]

1. c4 g6 2. d4 Bg7 3. e4 d6 4. Nc3 Nf6 5. f3 Nfd7 6. Be3 e5 7. Nge2 Bh6 8. Qd2
Bxe3 9. Qxe3 Nb6 10. Ng3 Nc6 11. d5 Nb4 12. O-O-O a5 13. h4 Qf6 14. Be2 Qf4 15.
Nf1 f5 16. Nb5 Na6 17. g3 Qxe3+ 18. Nxe3 fxe4 19. fxe4 O-O 20. Rdf1 Bd7 21. Nc3
Nc5 22. b3 Na6 23. h5 a4 24. h6 axb3 25. axb3 Nc5 26. Kb2 Rxf1 27. Rxf1 Rf8 28.
Rxf8+ Kxf8 29. b4 Nca4+ 30. Nxa4 Nxa4+ 31. Kb3 Ke7 32. Bg4 Nb6 33. c5 Nc8 34.
Kc4 b6 35. Bxd7 Kxd7 36. c6+ Kd8 37. Kb5 Ne7 38. Ka6 Kc8 39. Ka7 Ng8 40. Ng4
Ne7 41. Nf6 Kd8 42. Kb7 g5 43. Nxh7 Ng8 44. Nxg5 1-0

[Event "Ste-Foy 2 2023-24"]
[Site "Ste-Foy CAN"]
[Date "2023.11.20"]
[Round "5"]
[White "Blais, Pierre-Luc"]
[Black "Soubeyrand, Maxence"]
[Result "1-0"]
[WhiteElo "1285"]
[BlackElo "1155"]
[PlyCount "37"]
[EventDate "2023.10.23"]
[EventType "tourn"]
[EventRounds "5"]
[EventCountry "CAN"]

1. d4 d5 2. c4 c6 3. Nc3 Bf5 4. Nf3 Nf6 5. Bg5 e6 6. e3 c5 7. cxd5 exd5 8. Bxf6
gxf6 9. Qb3 c4 10. Qxb7 Nd7 11. Qxd5 Be6 12. Qe4 Rb8 13. Bxc4 Qe7 14. d5 f5 15.
Qd4 Bg7 16. Qxg7 Qb4 17. dxe6 Qxb2 18. Qxf7+ Kd8 19. Qxd7# 1-0

[Event "Ste-Foy 2 2023-24"]
[Site "Ste-Foy CAN"]
[Date "2023.11.20"]
[Round "5"]
[White "Bourassa, Louis"]
[Black "Poitras, Marc"]
[Result "1-0"]
[WhiteElo "1282"]
[BlackElo "1375"]
[Annotator "Louis Bourassa"]
[PlyCount "109"]
[EventDate "2023.10.23"]
[EventType "tourn"]
[EventRounds "5"]
[EventCountry "CAN"]

1. d4 d6 2. e4 Nf6 3. Nc3 g6 4. Bg5 Bg7 5. Qd2 O-O 6. O-O-O c6 7. f3 b5 8. Bh6
b4 9. Nb1 a5 10. h4 Qb6 11. Bxg7 Kxg7 12. h5 Nxh5 13. g4 h6 14. gxh5 g5 15. Nh3
f6 16. e5 c5 17. Qd3 f5 18. exd6 Qxd6 19. dxc5 Qxc5 20. Qd4+ Qxd4 21. Rxd4 Nc6
22. Rd1 Bb7 23. Bd3 Ne5 24. Rhe1 Kf6 25. f4 Nf3 26. fxg5+ hxg5 27. Rf1 Rh8 28.
Nd2 Nd4 29. c3 Rac8 30. Ne4+ Bxe4 31. Bxe4 bxc3 32. Rxd4 cxb2+ 33. Kxb2 f4 34.
Bf3 Ke5 35. Rd5+ Ke6 36. Nxg5+ Kf6 37. Ne4+ Ke6 38. Nc5+ Kf6 39. Nd7+ Kg7 40.
Rg1+ Kf7 41. Bg4 e6 42. Re5 Rc6 43. Nc5 Rh6 44. Rge1 Rd6 45. Bxe6+ Rhxe6 46.
Rxe6 Rd2+ 47. Kb1 f3 48. Ne4 Re2 49. Ng3 Rxe6 50. Rxe6 Kxe6 51. Kc2 f2 52. Kd2
a4 53. Ke2 f1=Q+ 54. Nxf1 Kf5 55. Ng3+ 1-0